00434pab a2200157 454500008004000000100001700040245006400057260000900121300001600130362001100146650002200157650002100179650002500200650001700225773003400242180718b2007 xxu||||| |||| 00| 0 eng d aNair, K.R.G. aMalnourishment among children in India: a regional analysis c2007 ap.3797-803. a15 Sep aNutrition - India aChildren - India aMalnutrition - India aMalnutrition aEconomic and Political Weekly